| 000 | 00468cam a2200193ua 4500 | ||
|---|---|---|---|
| 001 | 9254 | ||
| 005 | 20260515114439.0 | ||
| 008 | 150224n ii |||gr||||Z||||||eng | ||
| 040 | _cMAIN | ||
| 041 | _aeng | ||
| 082 | _a153.9 | ||
| 100 |
_aMalhotra, A. M., _eAuthor. |
||
| 245 | 1 |
_aMental ability tests _cBy A. M. Malhotra |
|
| 250 | _a6th rev. | ||
| 260 |
_aNew Delhi: _bBright, _c2006. |
||
| 300 | _a296p. | ||
| 653 | _aMental processes & intelligence | ||
| 942 | _cBK | ||
| 999 |
_c8314 _d8314 |
||